000 00960nam a2200241 a 4500
001 49177
003 BD-RjUL
005 20211209054638.0
008 160323s1974 bg ||||e |||| 00| 0 ben d
020 _c: TK 14.00
035 _a(BD-RjUL)49296
040 _aBD-RjUL
_bben
_cBD-RjUL
041 _aben
082 _223
_a709.5492
_bJAC 1974
100 _aজাহাঙ্গীর, বোরহানউদ্দিন খান
_9112008
245 1 0 _a চিত্রশিল্প :
_bবাংলাদেশের /
_cবোরহানউদ্দিন খান জাহাঙ্গীর
260 _aঢাকা :
_bবাংলা একাডেমী,
_c১৯৭৪
300 _a১২২ পৃ. :
_bচিত্র ;
_c২০ সেমি.
650 _a চিত্রশিল্প
_9112009
_zবাংলাদেশ
650 _a Fine arts
_9120141
_zBangladesh
650 _aBangla Literature-Art
_9112010
942 _2ddc
_cBK
999 _c49177
_d49177